000 00828nam a2200217 a 4500
001 000021411
003 DO-SdBNP
005 20250630100924.0
008 100907t1976 dr ac 001 0bspa d
040 _aDO-SdBNP
_bspa
_cBNPHU
049 _aBNPD
082 _a923.17293053
_bT866a, 1976
100 1 _aArzeno Rodríguez, Luis,
_d1922-
_930661
245 1 0 _aCosas de Trujillo y apuntes históricos, biográficos y anecdóticos dominicanos /
_cLuis Arzeno Rodríguez.
260 _aSanto Domingo
_fImprenta Núñez
_c1976.
300 _a120 p. :
_bil., retr. ;
_c22 cm.
600 1 0 _aTrujillo Molina, Rafael Leónidas,
_d1891-1961
_vAnécdotas, chistes y sátiras, etc.
_922667
651 0 _aRepública Dominicana
_xHistoria
_yEra de Trujillo, 1930-1961
_978796
910 _aValidado. Control de calidad EMS.
942 _2ddc
_cLBS1
999 _c20911
_d20911